Top 30 Best Football Goalkeepers of All Time - Statistics

General Stats
  • This quiz has been taken 91 times
    89 since last reset
  • The average score is 16 of 30
Answer Stats
Top Goalkeeper Nationality % Correct
2 Gianluigi Buffon Italy
97%
3 Manuel Neuer Germany
96%
1 Iker Casillas Spain
90%
5 Lev Yashin Soviet Union
88%
4 Oliver Kahn Germany
88%
6 Peter Schmeichel Denmark
87%
10 Thibaut Courtois Belgium
79%
9 Edwin van der Sar Netherlands
76%
15 Petr Čech Czech Republic
76%
27 Hugo Lloris France
69%
20 Keylor Navas Costa Rica
69%
19 Alisson Becker Brazil
68%
18 Jan Oblak Slovenia
68%
29 Ederson Brazil
65%
28 Marc-André ter Stegen Germany
62%
7 Dino Zoff Italy
51%
30 Joe Hart England
50%
24 David de Gea Spain
47%
14 Fabien Barthez France
47%
16 David Seaman England
42%
17 Gordon Banks England
42%
26 Júlio César Brazil
42%
13 Claudio Taffarel Brazil
29%
8 Sepp Maier Germany
27%
22 Bruce Grobbelaar Zimbabwe
17%
23 Walter Zenga Italy
15%
12 José Luis Chilavert Paraguay
12%
21 Pat Jennings Northern Ireland
10%
11 Ricardo Zamora Spain
8%
25 Amadeo Carrizo Argentina
4%
No matching quizzes found
Score Distribution
Percent of People with Each Score
Percentile by Number Answered
Your Score History
You have not taken this quiz since the last reset